| 000 | 00453nam a2200145Ia 4500 | ||
|---|---|---|---|
| 008 | 191023s9999 xx 000 0 und d | ||
| 020 | _a9781305865709 | ||
| 100 | _aCorey, Marianne Scheider. | ||
| 245 |
_cMarianne Schneider Corey, Gerald Corey, Cindy Corey.-- _aGroups : _bprocess and practice / |
||
| 250 | _a10th ed | ||
| 260 |
_aUSA : _bCengage Learning _c2018 |
||
| 300 | _axxii, 442 pages. | ||
| 650 | _aGroup counselling | ||
| 650 | _aSmall groups | ||
| 999 |
_c362327 _d362327 |
||